000 01294cam a22003011 4500
001 gs 15000986
003 DLC
005 20260227111319.0
007 cr_|||||||||||
008 840928s1915 dcubdf f000 0 eng c
010 _ags 15000986
035 _a(OCoLC)11209635
040 _aU.S. Geol. survey. Library
_cCLS
_dDLC
042 _apremarc
050 0 0 _aTC801
_b.U2 no. 370
051 _aGB1225.O7
_bH4
100 1 _aHenshaw, Fred F.
_q(Fred Forbes),
_d1884-1933.
245 1 0 _aSurface water supply of Oregon, 1878-1910 /
_cby F.F. Henshaw and H.J. Dean ; prepared in cooperation with the State of Oregon, John H. Lewis, State Engineer.
260 _aWashington :
_bGovt. Print. Off.,
_c1915.
300 _avii, 829 p., [1] leaf of plates :
_bfold. maps ; charts ;
_c24 cm.
440 0 _aGeological Survey water-supply paper ;
_v370
501 _aTC801.U2 no. 370 with: Equipment for current-meter gaging stations / by G.J. Lyon. Washington : Govt. Print. Off., 1915. Bound together subsequent to publication.
_5DLC
530 _aAlso available in digital form on the Internet Archive Web site.
650 0 _aWater-supply
_zOregon.
700 1 _aDean, Henry Jennings,
_d1886-
710 1 _aOregon.
_bState Engineer.
856 4 1 _uhttp://hdl.loc.gov/loc.gdc/scd0001.00199536953
999 _c25613
_d25613